000 01791cam a22003254a 4500
999 _c128562
_d128562
001 14034654
003 ARRUPE
005 20181114094037.0
008 050713s2006 nyu b 001 0 eng
010 _a 2005019962
020 _a0393058980 (hardcover)
035 _a(OCoLC)ocm61131755
040 _aDLC
_cDLC
_dBAKER
_dC#P
_dYBM
_dVP@
_dDLC
042 _apcc
050 0 0 _aB2599.G63
_bS74 2006
082 0 0 _a211
_222
100 1 _aStewart, Matthew,
_d1963-
_943434
245 1 4 _aThe courtier and the heretic :
_bLeibniz, Spinoza, and the fate of God in the modern world /
_cMatthew Stewart.
250 _a1st ed.
260 _aNew York :
_bNorton,
_cc2006.
300 _a351 p. ;
_c24 cm.
504 _aIncludes bibliographical references (p. 332-339) and index.
505 0 _aThe Hague, November 1676 -- Bento -- Gottfried -- A life of the mind -- God's attorney -- The hero of the people -- The many face of Leibniz -- Friends of friends -- Leibniz in love -- A secret philosophy of the whole of things -- Approaching Spinoza -- Point of contact -- Surviving Spinoza -- The antidote of Spinozism -- The haunting -- The return of the repressed -- Leibniz's end -- Aftermath.
600 1 0 _aLeibniz, Gottfried Wilhelm,
_cFreiherr von,
_d1646-1716.
_911204
600 1 0 _aSpinoza, Benedictus de,
_d1632-1677.
_912122
650 0 _aGod
_xHistory of doctrines.
_911989
856 4 1 _3Table of contents
_uhttp://www.loc.gov/catdir/toc/ecip0516/2005019962.html
906 _a7
_bcbc
_corignew
_d1
_eecip
_f20
_gy-gencatlg
942 _2lcc
_cMONOGRAPH